US Representatives by Picture - Statistics

General Stats
  • This quiz has been taken 23 times
  • The average score is 200 of 440
Answer Stats
Picture Answer % Correct
Adriano Espaillat
100%
Alexandria Ocasio-Cortez
100%
Alma Adams
100%
Amata Coleman Radewagen
100%
Anna Paulina Luna
100%
Ayanna Pressley
100%
Byron Donalds
100%
Chip Roy
100%
Dan Crenshaw
100%
Dan Newhouse
100%
Dave Min
100%
Debbie Wasserman Schultz
100%
Derek Tran
100%
Don Davis
100%
Elise Stefanik
100%
Eric Swalwell
100%
Grace Meng
100%
Greg Casar
100%
Gregory Meeks
100%
Hakeem Jeffries
100%
Haley Stevens
100%
Harriet Hageman
100%
Ilhan Omar
100%
Jahana Hayes
100%
Jamie Raskin
100%
Janelle Bynum
100%
Jared Golden
100%
Jared Moskowitz
100%
Jasmine Crockett
100%
Jerry Nadler
100%
Jesús "Chuy" García
100%
Jim Clyburn
100%
Jim Jordan
100%
John James
100%
Josh Gottheimer
100%
Joyce Beatty
100%
Katherine Clark
100%
Laura Gillen
100%
Lauren Boebert
100%
Lois Frankel
100%
Marcy Kaptur
100%
Mariannette Miller-Meeks
100%
Marie Gluesenkamp Pérez
100%
Marjorie Taylor Greene
100%
Maxine Waters
100%
Maxwell Frost
100%
Mike Johnson
100%
Mike Lawler
100%
Monica De La Cruz
100%
Nancy Mace
100%
Nancy Pelosi
100%
Nick Begich III
100%
Nicole Malliotakis
100%
Nydia Velázquez
100%
Pat Ryan
100%
Paul Tonko
100%
Pramila Jayapal
100%
Rashida Tlaib
100%
Ritchie Torres
100%
Ro Khanna
100%
Rosa DeLauro
100%
Sanford Bishop
100%
Sarah Elfreth
100%
Sarah McBride
100%
Sara Jacobs
100%
Steny Hoyer
100%
Summer Lee
100%
Thomas Kean Jr.
100%
Thomas Massie
100%
Tom Suozzi
100%
Veronica Escobar
100%
Vince Fong
100%
Virginia Foxx
100%
Wesley Bell
100%
Young Kim
100%
Yvette Clarke
100%
Aaron Bean
50%
Abraham Hamadeh
50%
Adam Gray
50%
Addison McDowell
50%
Adrian Smith
50%
Al Green
50%
Ami Bera
50%
Andrea Salinas
50%
André Carson
50%
Andrew Garbarino
50%
Andy Biggs
50%
Andy Harris
50%
Andy Ogles
50%
Angie Craig
50%
Ann Wagner
50%
April McClain-Delaney
50%
Ashley Hinson
50%
Barry Moore
50%
Becca Balint
50%
Bennie Thompson
50%
Beth Van Duyne
50%
Betty McCollum
50%
Bill Huizenga
50%
Bill Keating
50%
Blake Moore
50%
Bobby Scott
50%
Bob Latta
50%
Bonnie Watson Coleman
50%
Brad Finstad
50%
Brad Sherman
50%
Brandon Gill
50%
Brendan Boyle
50%
Brian Fitzpatrick
50%
Brian Jack
50%
Brian Mast
50%
Brittany Pettersen
50%
Burgess Owens
50%
Carol Miller
50%
Celeste Maloy
50%
Chellie Pingree
50%
Chris Deluzio
50%
Chris Pappas
50%
Chris Smith
50%
Chrissy Houlahan
50%
Chuck Edwards
50%
Claudia Tenney
50%
Clay Higgins
50%
Cleo Fields
50%
Cory Mills
50%
Dale Strong
50%
Dan Goldman
50%
Daniel Webster
50%
Danny K. Davis
50%
Darrell Issa
50%
Darren Soto
50%
David Kustoff
50%
David Rouzer
50%
David Schweikert
50%
David Scott
50%
David Valadao
50%
Debbie Dingell
50%
Deborah Ross
50%
Delia Ramirez
50%
Derrick Van Orden
50%
Diana DeGette
50%
Diana Harshbarger
50%
Dina Titus
50%
Don Bacon
50%
Don Beyer
50%
Doris Matsui
50%
Doug LaMalfa
50%
Dusty Johnson
50%
Dwight Evans
50%
Ed Case
50%
Eleanor Holmes Norton
50%
Eli Crane
50%
Emanuel Cleaver
50%
Emilia Sykes
50%
Emily Randall
50%
Eric Burlison
50%
Erin Houchin
50%
Eugene Vindman
50%
Frank J. Mrvan
50%
Frank Pallone
50%
Frederica Wilson
50%
Gabe Amo
50%
Gabe Evans
50%
Gabe Vasquez
50%
George Latimer
50%
George Whitesides
50%
Gil Cisneros
50%
Glenn Grothman
50%
Glenn Ivey
50%
Glenn Thompson
50%
Greg Landsman
50%
Greg Stanton
50%
Greg Steube
50%
Guy Reschenthaler
50%
Gwen Moore
50%
Hank Johnson
50%
Henry Cuellar
50%
Herb Conaway
50%
Hillary Scholten
50%
Jake Auchincloss
50%
Jake Ellzey
50%
Jan Schakowsky
50%
Jared Huffman
50%
Jason Crow
50%
Jason Smith
50%
Jay Obernolte
50%
Jeff Hurd
50%
Jennifer McClellan
50%
Jill Tokuda
50%
Jim Costa
50%
Jim Himes
50%
Jim McGovern
50%
Jimmy Gomez
50%
Joaquin Castro
50%
Joe Courtney
50%
Joe Neguse
50%
John B. Larson
50%
John Garamendi
50%
John Mannion
50%
John Moolenaar
50%
Johnny Olszewski
50%
John Rutherford
50%
Jonathan Jackson
50%
Josh Brecheen
50%
Josh Harder
50%
Josh Riley
50%
Juan Ciscomani
50%
Judy Chu
50%
Julia Brownley
50%
Julia Johnson
50%
Julia Letlow
50%
Julie Fedorchak
50%
Kat Cammack
50%
Keith Self
50%
Kelly Morrison
50%
Ken Calvert
50%
Kevin Kiley
50%
Kimberlyn King-Hinds
50%
Kim Schrier
50%
Kristen McDonald Rivet
50%
Kweisi Mfume
50%
LaMonica McIver
50%
Lateefah Simon
50%
Laura Friedman
50%
Laurel Lee
50%
Lauren Underwood
50%
Linda Sánchez
50%
Lisa McClain
50%
Lizzie Fletcher
50%
Lori Trahan
50%
Lou Correa
50%
Lucy McBath
50%
Luz Rivas
50%
Madeleine Dean
50%
Maggie Goodlander
50%
Marc Veasey
50%
Maria Elvira Salazar
50%
Marilyn Strickland
50%
Mario Diaz-Balart
50%
Mark Amodei
50%
Mark DeSaulnier
50%
Mark Pocan
50%
Mark Takano
50%
Mary Gay Scanlon
50%
Mary Miller
50%
Maxine Dexter
50%
Melanie Stansbury
50%
Michael McCaul
50%
Michelle Fischbach
50%
Mike Ezell
50%
Mike Flood
50%
Mike Haridopolos
50%
Mike Quigley
50%
Mike Rogers
50%
Mike Simpson
50%
Mike Thompson
50%
Mikie Sherrill
50%
Morgan McGarvey
50%
Nanette Barragán
50%
Nathaniel Moran
50%
Nellie Pou
50%
Nick LaLota
50%
Nikema Williams
50%
Nikki Budzinski
50%
Norma Torres
50%
Pat Harrigan
50%
Paul Gosar
50%
Pete Aguilar
50%
Pete Sessions
50%
Raja Krishnamoorthi
50%
Randy Feenstra
50%
Raúl Grijalva
50%
Raul Ruiz
50%
Richard Neal
50%
Rob Bresnahan
50%
Robert Garcia
50%
Robin Kelly
50%
Rob Menendez
50%
Roger Aderholt
50%
Rudy Yakym
50%
Russell Fry
50%
Ryan Mackenzie
50%
Ryan Zinke
50%
Salud Carbajal
50%
Sam Liccardo
50%
Scott Perry
50%
Scott Peters
50%
Seth Magaziner
50%
Seth Moulton
50%
Sharice Davids
50%
Sheila Cherfilus-McCormick
50%
Sheri Biggs
50%
Shomari Figures
50%
Shontel Brown
50%
Shri Thanedar
50%
Stacey Plaskett
50%
Stephen F. Lynch
50%
Steve Cohen
50%
Steven Horsford
50%
Steve Scalise
50%
Suhas Subramanyam
50%
Susie Lee
50%
Suzan DelBene
50%
Suzanne Bonamici
50%
Sydney Kamlager-Dove
50%
Sylvia Garcia
50%
Ted Lieu
50%
Teresa Leger Fernandez
50%
Terri Sewell
50%
Tom Barrett
50%
Tom Cole
50%
Tom Emmer
50%
Trent Kelly
50%
Troy Carter
50%
Troy Downing
50%
Valerie Foushee
50%
Val Hoyle
50%
Vern Buchanan
50%
Victoria Spartz
50%
Wesley Hunt
50%
William Timmons
50%
Yassamin Ansari
50%
Zach Nunn
50%
Zoe Lofgren
50%
Adam Smith
0%
Andrew Clyde
0%
Andy Barr
0%
August Pfluger
0%
Austin Scott
0%
Barry Loudermilk
0%
Ben Cline
0%
Bill Foster
0%
Bob Onder
0%
Brad Knott
0%
Brad Schneider
0%
Brett Guthrie
0%
Brian Babin
0%
Bruce Westerman
0%
Bryan Steil
0%
Buddy Carter
0%
Carlos Giménez
0%
Chuck Fleischmann
0%
Cliff Bentz
0%
Craig Goldman
0%
Dan Meuser
0%
Darin LaHood
0%
David Joyce
0%
David Taylor
0%
Derek Schmidt
0%
Donald Norcross
0%
Eric Sorensen
0%
Frank Lucas
0%
French Hill
0%
Gary Palmer
0%
Gerry Connolly
0%
Greg Murphy
0%
Gus Bilirakis
0%
Hal Rogers
0%
Jack Bergman
0%
James Comer
0%
James Moylan
0%
Jeff Crank
0%
Jefferson Shreve
0%
Jeff Van Drew
0%
Jen Kiggans
0%
Jim Baird
0%
Jimmy Panetta
0%
Jodey Arrington
0%
Joe Wilson
0%
John Carter
0%
John Joyce
0%
John McGuire
0%
John Rose
0%
Joseph Morelle
0%
Juan Vargas
0%
Kathy Castor
0%
Kevin Hern
0%
Kevin Mullin
0%
Lance Gooden
0%
Lloyd Doggett
0%
Lloyd Smucker
0%
Mark Alford
0%
Mark Green
0%
Mark Harris
0%
Mark Messmer
0%
Marlin Stutzman
0%
Max Miller
0%
Michael Baumgartner
0%
Michael Cloud
0%
Michael Guest
0%
Michael Rulli
0%
Michael Waltz
0%
Mike Bost
0%
Mike Carey
0%
Mike Collins
0%
Mike Kelly
0%
Mike Kennedy
0%
Mike Levin
0%
Mike Turner
0%
Morgan Griffith
0%
Morgan Luttrell
0%
Neal Dunn
0%
Nick Langworthy
0%
Pablo Hernández Rivera
0%
Pat Fallon
0%
Pete Stauber
0%
Ralph Norman
0%
Randy Weber
0%
Richard Hudson
0%
Rich McCormick
0%
Rick Crawford
0%
Rick Larsen
0%
Rick W. Allen
0%
Riley Moore
0%
Rob Wittman
0%
Roger Williams
0%
Ron Estes
0%
Ronny Jackson
0%
Russ Fulcher
0%
Sam Graves
0%
Scott DesJarlais
0%
Scott Fitzgerald
0%
Scott Franklin
0%
Sean Casten
0%
Stephanie Bice
0%
Steve Womack
0%
Sylvester Turner
0%
Tim Burchett
0%
Tim Kennedy
0%
Tim Moore
0%
Tim Walberg
0%
Tom McClintock
0%
Tom Tiffany
0%
Tony Gonzales
0%
Tony Wied
0%
Tracey Mann
0%
Troy Balderson
0%
Troy Nehls
0%
Vicente Gonzalez
0%
Warren Davidson
0%
No matching quizzes found
Score Distribution
Percent of People with Each Score
Percentile by Number Answered
Your Score History
You have not taken this quiz